000 00356 a2200121 4500
001 ART_3053
005 20260410161712.0
008 260409a
245 1 0 _aPoder adquisistivo, veda y sustitutos
100 1 _aReca, Lucio G.
700 1 _aGaba, Ernesto
773 0 _tDesarrollo económico
_g- Vol. 13, Nº 50 (jul./sep. 1973)
_wREV1174
999 _c16171
_d16171